00486nam a2200193 a 4500001001300000003000900013005001700022008004100039020001100080082001600091100002200107245002800129260004100157300000900198500003500207505001000242650001800252700002200270nice12345678IN_TiNIC20260116012719.0050524s1967 bala grp 000 0 eng  ac375200a953.32bWEN aWenner, Manfred W aModern Yemen, 1918-1966 aBaltimorebJohns Hopkins Pressc1967 a257p aincludes index and biblioraphy2 aIndex aYemen-History1 aWenner, Manfred W